| 000 | 00406nam a2200133Ia 4500 | ||
|---|---|---|---|
| 008 | 231019s9999 xx 000 0 und d | ||
| 082 |
_a658.1511 _bZAH-C |
||
| 100 | _aDr.Zahid Mehmood, M.Arshad Awan,Khalid Latif & Rana Shahid Imdad | ||
| 245 | 0 | _aCost & Management Accounting with complete solution. | |
| 260 |
_aFaisalabad _bKitab Markaz _c2014-15 |
||
| 300 | _a846 | ||
| 650 | _aAccounting | ||
| 999 |
_c34490 _d34490 |
||